ՀՀ Գիտությունների ազգային ակադեմիայի հիմնարար գիտական գրադարան  =   Fundamental Scientific Library of NAS RA

Оборудование лесных складов : (Record no. 310458)

MARC details
000 -LEADER
fixed length control field 00947nam a2200241 a 4500
001 - CONTROL NUMBER
control field 000885413
003 - CONTROL NUMBER IDENTIFIER
control field AM-YeHGA
005 - DATE AND TIME OF LATEST TRANSACTION
control field 20250617145343.0
008 - FIXED-LENGTH DATA ELEMENTS--GENERAL INFORMATION
fixed length control field 101112s1975 ru r 000 0 rus d
040 ## - CATALOGING SOURCE
Original cataloging agency AM-YeHGA
041 0# - LANGUAGE CODE
Language code of text/sound track or separate title rus
090 ## - LOCALLY ASSIGNED LC-TYPE CALL NUMBER (OCLC); LOCAL CALL NUMBER (RLIN)
-- 312174
100 1# - MAIN ENTRY--PERSONAL NAME
Personal name Лешкевич, Андрей Иванович
245 10 - TITLE STATEMENT
Title Оборудование лесных складов :
Remainder of title учебник для техникумов /
Statement of responsibility, etc. А.И. Лешкевич, Д.К. Воевода, В.В. Назаров.
250 ## - EDITION STATEMENT
Edition statement Изд. 3-е, перераб.
260 ## - PUBLICATION, DISTRIBUTION, ETC.
Place of publication, distribution, etc. Москва :
Name of publisher, distributor, etc. Лесная промышленность,
Date of publication, distribution, etc. 1975.
300 ## - PHYSICAL DESCRIPTION
Extent 280 с.
650 14 - SUBJECT ADDED ENTRY--TOPICAL TERM
Topical term or geographic name entry element Лесное хозяйство
653 2# - INDEX TERM--UNCONTROLLED
Uncontrolled term лесные склады
653 2# - INDEX TERM--UNCONTROLLED
Uncontrolled term обработка лесоматериалов
700 1# - ADDED ENTRY--PERSONAL NAME
Personal name Воевода, Дмитрий Кондратьевич
700 1# - ADDED ENTRY--PERSONAL NAME
Personal name Назаров, Виктор Васильевич
Holdings
Withdrawn status Lost status Damaged status Not for loan Collection Home library Current library Date acquired Total checkouts Full call number Barcode Date last seen Price effective from Koha item type Public note
        General Fundamental Scientific Library Fundamental Scientific Library 09/01/2017   PII/345318 FL0287723 09/01/2017 09/01/2017 Գրքեր / Books 30 Days Loan
        General Fundamental Scientific Library Fundamental Scientific Library 09/01/2017   PII/346722 FL0290797 09/01/2017 09/01/2017 Գրքեր / Books 30 Days Loan


ՀՀ ԳԱԱ հիմնարար գիտական գրադարան
ՀՀ,Երևան 0019
Մարշալ Բաղրամյան 24/6
հեռախոս:(374-10) 52-47-50
Հետադարձ կապ

All site content, except where otherwise noted, is licensed under a
Creative Commons License